Užívaní léků ve stáří ; S. Hartlová, J. Roučková, L. Dofková, J. Solich

Bibliographic Details
Main Authors: Hartlová, S. (Author), Roučková, J. (Author), Dofková, L. (Author), Solich, Jan, 1928-2018 (Author)
Format: Article
Language:Slovak
Czech
PhysicalDescription:Res. rus., angl., nem., lit. 16 zázn. v češ., angl., nem.
Subjects:

MARC

LEADER 00000nab a2200000 a 4500
001 vtls000192257
003 SK-MaSNL
005 20260305003608.0
008 250422c1984 xo 0 slo
015 |a SNBRB19rr/mm-uuuuu 
035 |a CL0202370 
035 |a urn:nbn:sk:snk-ab1pwj 
035 |a (urnnbn)urn:nbn:sk:snk:ar-004xlw 
035 |a (uuid)42535d06-220f-4cd8-92b4-286bd2231bab 
040 |a SNKBUCL  |b slo  |c SNKBUCL  |e AACR2 
041 0 |a cze 
044 |a xo  |c SK 
080 |a 615.15.032:616-053.9  |2 1981 
080 |a 616-053.9  |2 1981 
245 0 0 |a Užívaní léků ve stáří ; S. Hartlová, J. Roučková, L. Dofková, J. Solich 
300 |b Res. rus., angl., nem., lit. 16 zázn. v češ., angl., nem. 
650 0 7 |a lieky  |2 snkbucl  |9 2515 
655 7 |a články z novín a časopisov  |2 snkbucl  |9 267496 
700 1 |a Hartlová, S.  |4 aut  |9 895328 
700 1 |a Roučková, J.  |4 aut  |9 830848 
700 1 |a Dofková, L.  |4 aut  |9 1125364 
700 1 |a Solich, Jan,  |d 1928-2018  |4 aut  |9 39365 
773 0 |t Farmaceutický obzor  |g Roč. 53, č. 9 (1984), s. 407-416 
850 |a Slovenská národná knižnica 
852 |a Slovenská národná knižnica 
954 |a odborná, vedecká literatúra cudzojazyčná (svetová)  |2 lita 
954 |a odborná, vedecká literatúra pôvodná (slovenská)  |2 lita 
958 |a article27 
958 |a OND 
958 |a NB 
958 |a RK 
958 |a MI 
958 |a EUIPO 
992 |a RBX 
999 |c 3231063  |d 3232993